[Event "SRI-chB"]
[Site "Colombo"]
[Date "2018.03.03"]
[Round "4"]
[White "Prabajith, Asela"]
[Black "Kandearachchi, Niranga"]
[Result "0-1"]
[WhiteElo "1752"]
[BlackElo "2015"]
[PlyCount "79"]
[EventDate "2018.03.01"]
[EventType "swiss"]
[EventRounds "10"]
[EventCountry "SRI"]
[SourceTitle "EXT 2019"]
[Source "ChessBase"]
[SourceDate "2018.10.10"]
[SourceVersion "1"]
[SourceVersionDate "2018.10.10"]
[SourceQuality "1"]

1. d4 Nf6 2. Nf3 g6 3. e3 Bg7 4. c4 d5 5. Nc3 c6 6. Be2 0-0 7. 0-0 Nbd7 8. cxd5 cxd5 9. b3 a6 10. a4 Re8 11. Ba3 Nf8 12. Rc1 Bg4 13. Ne5 Bxe2 14. Nxe2 Ne4 15. Nd3 Ne6 16. Rc2 Bh6 17. Qb1 f6 18. Ng3 Nxg3 19. hxg3 Kf7 20. Rfc1 Qd7 21. Rc3 Rac8 22. Qc2 Rxc3 23. Qxc3 Bf8 24. Qa5 Rd8 25. Kh2 Ke8 26. Bb2 Qd6 27. b4 Ng5 28. b5 Ne4 29. Rc2 h5 30. bxa6 bxa6 31. Qc7 Qxc7 32. Rxc7 Rb8 33. Rc2 e6 34. f3 Nd6 35. Nc5 Nc4 36. Bc3 Bxc5 37. dxc5 e5 38. f4 Nxe3 39. Rc1 Rc8 40. Be1 0-1

[Event "SRI-ch"]
[Site "Colombo"]
[Date "2017.08.15"]
[Round "10"]
[White "Kandearachchi, Niranga"]
[Black "Amarasinghe, AACB"]
[Result "1-0"]
[WhiteElo "1992"]
[BlackElo "1982"]
[PlyCount "39"]
[EventDate "2017.08.10"]
[EventType "tourn"]
[EventRounds "13"]
[EventCountry "SRI"]
[SourceTitle "CBM 180 Extra"]
[Source "ChessBase"]
[SourceDate "2017.10.06"]
[SourceVersion "1"]
[SourceVersionDate "2017.10.06"]
[SourceQuality "1"]

1. d4 d5 2. c4 dxc4 3. Nf3 Nf6 4. e3 e6 5. Bxc4 a6 6. a4 c5 7. 0-0 Nc6 8. Nc3 cxd4 9. exd4 Nb4 10. Bg5 Be7 11. Qe2 0-0 12. Rad1 Re8 13. Rfe1 Nfd5 14. Bc1 Bd7 15. Ne5 Bf6 16. Qg4 Bc6 17. Ne4 Bxa4 18. b3 Bc6 19. Ng5 Bxg5 20. Bxg5 1-0

[Event "SRI-chB"]
[Site "Narahenpita"]
[Date "2017.05.13"]
[Round "3"]
[White "Kandearachchi, Niranga"]
[Black "Thilakarathne, GM Harshana"]
[Result "1/2-1/2"]
[WhiteElo "1941"]
[BlackElo "2231"]
[PlyCount "39"]
[EventDate "2017.05.12"]
[EventType "swiss"]
[EventRounds "10"]
[EventCountry "SRI"]
[SourceTitle "CBM 178 Extra"]
[Source "ChessBase"]
[SourceDate "2017.06.22"]
[SourceVersion "1"]
[SourceVersionDate "2017.06.22"]
[SourceQuality "1"]

1. d4 Nf6 2. c4 e6 3. Nf3 d5 4. g3 dxc4 5. Bg2 a6 6. 0-0 Nc6 7. a4 Rb8 8. Na3 b5 9. axb5 axb5 10. Nxb5 Rxb5 11. Qa4 Ra5 12. Qxc6+ Bd7 13. Qxd7+ Nxd7 14. Rxa5 Nb6 15. Ne5 Bd6 16. Nc6 Qd7 17. Nb8 Qc8 18. Bc6+ Ke7 19. Na6 Rd8 20. e4 1/2-1/2

[Event "Negombo op 2nd"]
[Site "Negombo"]
[Date "2016.08.15"]
[Round "6"]
[White "Dabarera, GWDM"]
[Black "Kandearachchi, Niranga"]
[Result "1-0"]
[WhiteElo "1463"]
[BlackElo "1981"]
[PlyCount "75"]
[EventDate "2016.08.13"]
[EventType "swiss"]
[EventRounds "9"]
[EventCountry "SRI"]
[SourceTitle "EXT 2019"]
[Source "ChessBase"]
[SourceDate "2018.10.10"]
[SourceVersion "1"]
[SourceVersionDate "2018.10.10"]
[SourceQuality "1"]

1. e4 c5 2. Nf3 g6 3. d4 cxd4 4. Nxd4 Bg7 5. Nc3 Nc6 6. Be3 Nf6 7. Bb5 0-0 8. f3 a6 9. Bxc6 bxc6 10. 0-0 e5 11. Nb3 d5 12. exd5 cxd5 13. Bg5 d4 14. Ne4 Qb6 15. Bxf6 Bxf6 16. Nxf6+ Qxf6 17. f4 Bb7 18. fxe5 Qxe5 19. Qxd4 Qg5 20. Qd2 Qe5 21. Qd4 Qg5 22. Qd2 Qh5 23. Qd1 Qb5 24. a4 Qb6+ 25. Qd4 Qc6 26. Qf2 a5 27. Nd4 Qd5 28. b3 Rad8 29. Rad1 Qh5 30. Nf3 Rc8 31. Rd2 Be4 32. Re1 f5 33. Ne5 Rcd8 34. Rxd8 Rxd8 35. Rxe4 Qg5 36. Nf3 Qc1+ 37. Re1 Qf4 38. Qb6 1-0

[Event "Negombo op 2nd"]
[Site "Negombo"]
[Date "2016.08.15"]
[Round "5"]
[White "Kandearachchi, Niranga"]
[Black "Gunarathna, DA Viraj Darshana"]
[Result "1/2-1/2"]
[WhiteElo "1981"]
[BlackElo "1569"]
[PlyCount "68"]
[EventDate "2016.08.13"]
[EventType "swiss"]
[EventRounds "9"]
[EventCountry "SRI"]
[SourceTitle "EXT 2019"]
[Source "ChessBase"]
[SourceDate "2018.10.10"]
[SourceVersion "1"]
[SourceVersionDate "2018.10.10"]
[SourceQuality "1"]

1. d4 e6 2. g3 d5 3. Bg2 c6 4. Nf3 Bd6 5. c4 Nd7 6. cxd5 exd5 7. 0-0 Ngf6 8. Nc3 0-0 9. Re1 Re8 10. Qc2 Qc7 11. Bd2 Nb6 12. e4 dxe4 13. Nxe4 Nxe4 14. Rxe4 Rxe4 15. Qxe4 h6 16. Bf1 Nd5 17. Qe8+ Bf8 18. Re1 Nf6 19. Qe3 Bf5 20. Ne5 Re8 21. Qf4 Bh7 22. Bc4 Bd6 23. Bc3 Nd5 24. Qf3 Bxe5 25. Bxd5 cxd5 26. Qxd5 Bf5 27. Rxe5 Rxe5 28. Qxe5 Qxe5 29. dxe5 Be6 30. b3 Kf8 31. f4 h5 32. Kf2 Ke7 33. Ke3 Kd7 34. Kd3 Kc6 1/2-1/2

[Event "SRI-chB"]
[Site "Colombo"]
[Date "2016.03.19"]
[Round "6"]
[White "Weerasinghe, CC."]
[Black "Kandearachchi, Niranga"]
[Result "1-0"]
[WhiteElo "1736"]
[BlackElo "2015"]
[PlyCount "75"]
[EventDate "2016.03.12"]
[EventType "swiss"]
[EventRounds "10"]
[EventCountry "SRI"]
[SourceTitle "CBM 171 Extra"]
[Source "ChessBase"]
[SourceDate "2016.04.26"]
[SourceVersion "1"]
[SourceVersionDate "2016.04.26"]
[SourceQuality "1"]

1. d4 Nf6 2. c4 g6 3. Nf3 Bg7 4. g3 d6 5. Bg2 0-0 6. 0-0 c6 7. Nc3 a6 8. a4 a5 9. e4 Nfd7 10. Be3 Na6 11. Qd2 e5 12. d5 Ndc5 13. Rad1 cxd5 14. Qxd5 Be6 15. Qxd6 Qxd6 16. Rxd6 Bxc4 17. Rfd1 Bb3 18. Ra1 Rfd8 19. Rb6 Bc2 20. Ne1 Bd3 21. Nxd3 Rxd3 22. Rb5 Bf8 23. Rc1 Rdd8 24. Nd5 Nxa4 25. Rxb7 Nb4 26. Rcc7 Nxd5 27. exd5 Rab8 28. Rxf7 Nxb2 29. Bg5 Nc4 30. Bxd8 Rxd8 31. Rxh7 Nd6 32. Rbd7 Rxd7 33. Rxd7 Nb5 34. Bf1 Nc3 35. Bc4 a4 36. d6+ Kh8 37. Rd8 Kg7 38. d7 1-0

[Event "Colombo Grand Prix"]
[Site "Colombo"]
[Date "2014.11.28"]
[Round "6"]
[White "Kandearachchi, Niranga"]
[Black "Kurukulasuriya, Prasanna"]
[Result "0-1"]
[WhiteElo "1990"]
[BlackElo "2063"]
[PlyCount "89"]
[EventDate "2014.11.21"]
[EventType "tourn"]
[EventRounds "11"]
[EventCountry "SRI"]
[SourceTitle "CBM 163 Extra"]
[Source "ChessBase"]
[SourceDate "2014.12.23"]
[SourceVersion "1"]
[SourceVersionDate "2014.12.23"]
[SourceQuality "1"]

1. d4 Nf6 2. c4 g6 3. Nc3 Bg7 4. e4 d6 5. f4 0-0 6. Nf3 c5 7. d5 e6 8. Be2 exd5 9. cxd5 Bg4 10. h3 Bxf3 11. Bxf3 Nbd7 12. 0-0 a6 13. a4 Rb8 14. a5 Ne8 15. Re1 Nc7 16. Kh1 Re8 17. Be3 b5 18. axb6 Rxb6 19. Na4 Rb4 20. Bd2 Rd4 21. Qc2 Qh4 22. Kh2 h5 23. g3 Qf6 24. Bg2 h4 25. g4 g5 26. Be3 gxf4 27. Rf1 Qg6 28. Bxd4 Bxd4 29. Nc3 Rb8 30. Rae1 Be5 31. Bf3 Kg7 32. Rb1 Nf6 33. Qd2 Nh7 34. Rfe1 Ng5 35. Kg2 Rb3 36. Rf1 Qf6 37. Na2 Nb5 38. Nc1 Re3 39. Ne2 Rb3 40. Ng1 Nd4 41. Qd1 Qg6 42. Qe1 Nc2 43. Qxh4 Ne3+ 44. Kh1 Nxf1 45. Rxf1 0-1

[Event "Colombo Grand Prix"]
[Site "Colombo"]
[Date "2014.11.22"]
[Round "2"]
[White "Kandearachchi, Niranga"]
[Black "De Silva, Osheen"]
[Result "0-1"]
[WhiteElo "1990"]
[BlackElo "1897"]
[PlyCount "100"]
[EventDate "2014.11.21"]
[EventType "tourn"]
[EventRounds "11"]
[EventCountry "SRI"]
[SourceTitle "CBM 163 Extra"]
[Source "ChessBase"]
[SourceDate "2014.12.23"]
[SourceVersion "1"]
[SourceVersionDate "2014.12.23"]
[SourceQuality "1"]

1. c4 Nf6 2. Nc3 d5 3. cxd5 Nxd5 4. e4 Nxc3 5. bxc3 g6 6. Nf3 Bg7 7. Bc4 0-0 8. 0-0 c5 9. h3 e5 10. d3 Qc7 11. Be3 Nd7 12. Bd5 Nb6 13. c4 Nxd5 14. cxd5 f5 15. Rc1 b6 16. Qb3 Qd6 17. Nd2 f4 18. Nc4 Qf6 19. Bd2 f3 20. g3 Bxh3 21. Rfd1 h5 22. Kh2 Bd7 23. Rg1 g5 24. Ne3 g4 25. Rh1 h4 26. gxh4 Bh6 27. Kg1 Qg7 28. Kf1 g3 29. Rg1 g2+ 30. Ke1 Rf4 31. Kd1 Rxh4 32. Kc2 Bf4 33. Nf1 Rh1 34. Ng3 Rxg1 35. Rxg1 Bxg3 36. fxg3 Qxg3 37. d4 Ba4 38. Qxa4 f2 39. Qc6 f1Q 40. Qxa8+ Qf8 41. Qc6 cxd4 42. d6 Qg6 43. Qd5+ Qff7 44. Qxe5 Qxa2+ 45. Kd3 Qa3+ 46. Ke2 Qg4+ 47. Ke1 Qag3+ 48. Qxg3 Qxg3+ 49. Ke2 d3+ 50. Kd1 Qf2 0-1

[Event "SRI-ch"]
[Site "Colombo"]
[Date "2014.03.22"]
[Round "9"]
[White "Weerawardane, Romesh"]
[Black "Kandearachchi, Niranga"]
[Result "1-0"]
[WhiteElo "2125"]
[BlackElo "1962"]
[PlyCount "83"]
[EventDate "2014.03.15"]
[EventType "tourn"]
[EventRounds "13"]
[EventCountry "SRI"]
[SourceTitle "EXT 2016"]
[Source "ChessBase"]
[SourceDate "2015.10.08"]
[SourceVersion "1"]
[SourceVersionDate "2015.10.08"]
[SourceQuality "1"]

1. e4 c5 2. Nf3 d6 3. d4 cxd4 4. Nxd4 Nf6 5. Nc3 g6 6. h3 a6 7. a4 Bg7 8. Be3 Nc6 9. g4 Qa5 10. Bg2 Qb4 11. Nde2 Be6 12. 0-0 h5 13. g5 Nd7 14. Nd5 Bxd5 15. exd5 Na5 16. Rb1 0-0 17. b3 Rac8 18. Bd2 Qb6 19. Qe1 Rxc2 20. Bxa5 Rxe2 21. Bxb6 Rxe1 22. Rfxe1 Nxb6 23. Rxe7 Rb8 24. Rc1 Bf8 25. Rec7 a5 26. f4 Bg7 27. Kf1 Kf8 28. h4 Bd4 29. Ke2 Bc5 30. R1xc5 dxc5 31. Rxc5 Nd7 32. Rxa5 b6 33. Ra7 Nc5 34. b4 Re8+ 35. Kd2 Ne4+ 36. Kd3 Nf2+ 37. Kd4 Re1 38. Bf3 Rb1 39. d6 Rxb4+ 40. Ke3 Nh3 41. Ra8+ Kg7 42. d7 1-0

[Event "SRI-ch"]
[Site "Colombo"]
[Date "2014.03.21"]
[Round "7"]
[White "Ranasinghe, Sachini D"]
[Black "Kandearachchi, Niranga"]
[Result "1/2-1/2"]
[WhiteElo "1846"]
[BlackElo "1962"]
[PlyCount "87"]
[EventDate "2014.03.15"]
[EventType "tourn"]
[EventRounds "13"]
[EventCountry "SRI"]
[SourceTitle "EXT 2016"]
[Source "ChessBase"]
[SourceDate "2015.10.08"]
[SourceVersion "1"]
[SourceVersionDate "2015.10.08"]
[SourceQuality "1"]

1. c4 Nf6 2. Nc3 g6 3. g3 Bg7 4. Bg2 d6 5. d4 0-0 6. Nf3 Nc6 7. 0-0 a6 8. e4 e5 9. dxe5 Nxe5 10. Nxe5 dxe5 11. Bg5 c6 12. Qc1 Be6 13. c5 Qa5 14. Ne2 Rad8 15. a3 Bb3 16. Qe3 Bc4 17. b4 Qc7 18. Bxf6 Bxf6 19. Rfd1 Rxd1+ 20. Rxd1 Rd8 21. Nc3 Rxd1+ 22. Nxd1 Qd7 23. Nb2 Be6 24. Bf1 Qd4 25. Qxd4 exd4 26. Bd3 g5 27. f3 h5 28. Kf2 Kf8 29. Bc4 d3 30. Bxe6 Bxb2 31. Bc8 Bxa3 32. Bxb7 Bxb4 33. Ke3 d2 34. Ke2 a5 35. Bxc6 Ke7 36. Ba4 g4 37. fxg4 hxg4 38. c6 Kd8 39. Ke3 Bc5+ 40. Kxd2 Kc7 41. e5 Bd4 42. Kd3 Bxe5 43. Ke4 Kd8 44. Kf5 1/2-1/2

[Event "SRI-ch"]
[Site "Colombo"]
[Date "2014.03.16"]
[Round "3"]
[White "Galappaththi, Chinthaka Anuruddh"]
[Black "Kandearachchi, Niranga"]
[Result "1-0"]
[WhiteElo "2158"]
[BlackElo "1962"]
[PlyCount "61"]
[EventDate "2014.03.15"]
[EventType "tourn"]
[EventRounds "13"]
[EventCountry "SRI"]
[SourceTitle "EXT 2016"]
[Source "ChessBase"]
[SourceDate "2015.10.08"]
[SourceVersion "1"]
[SourceVersionDate "2015.10.08"]
[SourceQuality "1"]

1. d4 Nf6 2. g3 g6 3. Bg2 Bg7 4. Nf3 d6 5. 0-0 0-0 6. b3 a5 7. Bb2 c6 8. c4 a4 9. b4 Bf5 10. a3 d5 11. c5 Nbd7 12. Nc3 b5 13. cxb6 Nxb6 14. Ne5 Qd6 15. Rc1 Nfd7 16. Nxc6 Qxc6 17. Nxd5 Qxd5 18. Bxd5 Nxd5 19. Qd2 h5 20. f3 Bh3 21. Rfe1 Kh7 22. e4 N5b6 23. d5 Ne5 24. Bxe5 Bxe5 25. Rc6 Rab8 26. f4 Bg7 27. Qe3 Nd7 28. e5 Nb6 29. Rec1 Nc8 30. Rc7 Nb6 31. Qc5 1-0

[Event "SRI-ch"]
[Site "Colombo"]
[Date "2013.10.04"]
[Round "8"]
[White "Kavinda, Akila"]
[Black "Kandearachchi, Niranga"]
[Result "0-1"]
[WhiteElo "2014"]
[BlackElo "1930"]
[PlyCount "48"]
[EventDate "2013.09.27"]
[EventType "tourn"]
[EventRounds "13"]
[EventCountry "SRI"]
[SourceTitle "CBM 156 Extra"]
[Source "ChessBase"]
[SourceDate "2013.10.22"]
[SourceVersion "1"]
[SourceVersionDate "2013.10.22"]
[SourceQuality "1"]

1. d4 Nf6 2. Nf3 g6 3. c4 Bg7 4. Nc3 d6 5. e4 0-0 6. h3 Na6 7. Be3 c6 8. Be2 e5 9. d5 cxd5 10. cxd5 Nh5 11. Nd2 Nf4 12. Bf1 f5 13. g3 fxe4 14. Ndxe4 Nh5 15. Bg2 Bf5 16. 0-0 h6 17. Nb5 Qd7 18. Nbxd6 Bxh3 19. Rc1 Bxg2 20. Kxg2 Nf4+ 21. gxf4 exf4 22. Bd4 f3+ 23. Kh2 Rf4 24. Rh1 Rh4+ 0-1